Správa o využívaní platných protimonopolných nástrojov...
Písomná správa o využívaní platných protimonopolných nástrojov v boji proti vynucovaniu neprimeraných cien podnikmi v dominantnom postavení, predložená na rokovaní vlády 27.5.2009.
Uložené v:
| Médium: | Kapitola |
|---|---|
| Jazyk: | Slovak |
| Predmet: | |
| Tagy: |
Žiadne tagy, Buďte prvý, kto otaguje tento záznam!
|
MARC
| LEADER | 00000naa$a2200000$$$4500 | ||
|---|---|---|---|
| 001 | 0096077 | ||
| 005 | 20230927074125.6 | ||
| 041 | 0 | |a slo | |
| 044 | |a SK | ||
| 245 | 1 | 0 | |a Správa o využívaní platných protimonopolných nástrojov... |
| 520 | |a Písomná správa o využívaní platných protimonopolných nástrojov v boji proti vynucovaniu neprimeraných cien podnikmi v dominantnom postavení, predložená na rokovaní vlády 27.5.2009. | ||
| 610 | 2 | 0 | |a ceny |
| 610 | 2 | 0 | |a ceny podnikové |
| 610 | 2 | 0 | |a monopoly |
| 610 | 2 | 0 | |a politika protimonopolná |
| 610 | 2 | 0 | |a súťaž hospodárska |